00423nam a2200157Ia 4500008004100000100001900041245005200060245001800112260003000130260000900160300001200169440003000181650001400211650002600225650001400251190430s9999 xx 000 0 und d aUy, Jocelyn R. aDiwata warns of siltation in Palawan coastline/ cJocelyn R. Uy bPhilippine Daily Inquirer c2017 aMarch 8 aPhilippine Daily Inquirer aGeography aPalawan (Philippines) asiltation